Statistics for Most Forested States

Click here to take the quiz!

General Stats

  • This quiz has been taken 27 times
  • The average score is 8 of 10

Answer Stats

HintAnswer% Correct
84.3%New Hampshire
100%
77.8%Vermont
100%
89.4%Maine
96%
62.8%New York
87%
62.9%Virginia
83%
79.0%West Virginia
83%
67.2%Georgia
78%
68.1%South Carolina
78%
70.5%Alabama
70%
65.0%Mississippi
65%

Score Distribution

Percentile by Number Answered

Percent of People with Each Score

Your Score History

You have not taken this quiz